000 00701nam a2200217Ia 4500
005 20260429112017.0
008 260429s9999||||xx |||||||||||||| ||und||
020 _a9781032448268
041 _aEnglish
082 _a375
_bCHE
100 _aCheng, Eric C.K.
245 0 _aImplementing a 21st century competency-based curriculum through lesson study :
_bteacher learning about cross-curricular and online pedagogy /
_cEric C.K. Cheng
250 _a1st ed.
260 _aNew Delhi :
_bRoutledge,
_c2024.
300 _axviii, 238 p.; pbk
650 _a Curriculum development
650 _a Teacher learning
650 _aCompetency-based education
700 _a Lander, Bruce
942 _cTB
999 _c51875
_d51875